logo

Bir Sreshtho Munshi Abdur Rouf Library
Jhenaidah Cadet College

Plane trigonometry / (Record no. 5476)

MARC details
000 -LEADER
fixed length control field 00805cam a22002531 4500
001 - CONTROL NUMBER
JCCL Control Number 5476
003 - CONTROL NUMBER IDENTIFIER
JCCL marc code BD-JhCC
005 - DATE AND TIME OF LATEST TRANSACTION
control field 20171218083411.0
008 - FIXED-LENGTH DATA ELEMENTS--GENERAL INFORMATION
fixed length control field 841003s1943 nyua 000 0 eng
035 ## - SYSTEM CONTROL NUMBER
system control number (BD-JhCC)5476
040 ## - CATALOGING SOURCE
Original cataloging agency DLC/ICU
Transcribing agency ICU
Modifying agency DLC
041 ## - LANGUAGE CODE
Language code of Book eng
050 00 - LIBRARY OF CONGRESS CALL NUMBER
Classification number QA533
Item number .W4 1943
082 00 - DEWEY DECIMAL CLASSIFICATION NUMBER
Classification number 514.5
Author mark and Year PLA 1943
100 1# - MAIN ENTRY--PERSONAL NAME
Personal name Weeks, Arthur W.
Fuller form of name (Arthur William)
245 10 - TITLE STATEMENT
Title Plane trigonometry /
Statement of responsibility, etc [by] Arthur W. Weeks and H. Gray Funkhouser
260 ## - PUBLICATION, DISTRIBUTION, ETC. (IMPRINT)
Place of publication, distribution, etc New York,
Name of publisher, distributor, etc D. Van Nostrand company, inc.,
Date of publication, distribution, etc 1943.
300 ## - PHYSICAL DESCRIPTION
Pagination viii, 193 p.
Other physical details illus., diagrs.
Dimensions 24 cm.
500 ## - GENERAL NOTE
General note A preliminary edition (lithoprinted) was published in 1940.
650 #0 - SUBJECT ADDED ENTRY--TOPICAL TERM
Topical term or geographic name as entry element Plane trigonometry.
700 1# - ADDED ENTRY--PERSONAL NAME
Personal name Funkhouser, H. Gray
Fuller form of name (Howard Gray),
Dates associated with a name 1898-
942 ## - ADDED ENTRY ELEMENTS (KOHA)
Source of classification or shelving scheme Dewey Decimal Classification
Koha item type Books
Holdings
Source of classification or shelving scheme Damaged status Not for loan Home library Current library Shelving location Date of accession Total Checkouts Full call number Barcode Date last seen Copy number Koha item type
Dewey Decimal Classification     JCC Rouf Library JCC Rouf Library General Stacks 12/17/2017   514.5 PLA 1943 7521 12/18/2017 C-1 Books

JCC Library | Contacts | JCC Home

Last Update on 23 September 2017
Copyright @ 2017-2020 JCC Rouf Library
Rouf Library, Jhenidah Cadet College (JCC), Bangladesh